ស្រមោច / (Record no. 8819)

MARC details
000 -LEADER
fixed length control field 01793nam a22003017a 4500
001 - CONTROL NUMBER
control field 8819
003 - CONTROL NUMBER IDENTIFIER
control field FISKH
005 - DATE AND TIME OF LATEST TRANSACTION
control field 20251022082202.0
008 - FIXED-LENGTH DATA ELEMENTS--GENERAL INFORMATION
fixed length control field 251022b cb ||||| |||| 00| 0 eng d
020 ## - INTERNATIONAL STANDARD BOOK NUMBER
International Standard Book Number 9789996336065
040 ## - CATALOGING SOURCE
Original cataloging agency FISKH
Language of cataloging khr
Transcribing agency FISKH
Modifying agency FISKH
050 ## - LIBRARY OF CONGRESS CALL NUMBER
Classification number PZ7
082 ## - DEWEY DECIMAL CLASSIFICATION NUMBER
Classification number 895
100 ## - MAIN ENTRY--PERSONAL NAME
Personal name Try, Sun
245 ## - TITLE STATEMENT
Title ស្រមោច /
Statement of responsibility, etc. អ្នកនិពន្ធ លោក ស៊ុន ទ្រី ,​ អ្នករៀបរៀង អង្គការរូមធូរីដកម្ពុជា ,​ វិចិត្រករ លោក ឈើន ចាន់នី
260 ## - PUBLICATION, DISTRIBUTION, ETC.
Place of publication, distribution, etc. ភ្នំពេញ :
Name of publisher, distributor, etc. អង្គការរូមធូរីដកម្ពុជា ,
Date of publication, distribution, etc. ២០១១​ .
300 ## - PHYSICAL DESCRIPTION
Extent 10 pages :
Other physical details color illustrations ;
Dimensions 25 cm .
505 ## - FORMATTED CONTENTS NOTE
Formatted contents note F <br/>
520 ## - SUMMARY, ETC.
Summary, etc. កូនស្រមោចតូចចង់ឆ្លងទឹកអូរទៅឯត្រើយម្ខាង ប៉ុន្តែវាមិនចេះហែលទឹក ។​ កូនស្រមោចរកមើលនៅជុំវិញខ្លួន វាក៏ឃើញស្លឹកឈើនិងសំបកដូង ។ តើកូនស្រមោចធ្វើយ៉ាងណាទើបអាចឆ្លងទៅត្រើយម្ខាងទៀតបាន ?
520 ## - SUMMARY, ETC.
Summary, etc. An ant wishes to cross a stream, but he cannot swim across . He looks around and notices some leaves and coconut shells. What can the ant do to reach the oppostie bank ?
521 8# - TARGET AUDIENCE NOTE
Target audience note 300 <br/>
Source Lexile estimate<br/>
521 8# - TARGET AUDIENCE NOTE
Target audience note F <br/>
Source Raz-Plus <br/> <br/>
650 ## - SUBJECT ADDED ENTRY--TOPICAL TERM
Topical term or geographic name entry element ស្រមោច
Form subdivision រឿងនិទានកុមារ​
650 ## - SUBJECT ADDED ENTRY--TOPICAL TERM
Topical term or geographic name entry element Ant
Form subdivision Children's Stories
700 ## - ADDED ENTRY--PERSONAL NAME
Personal name Channy, Chhoeun
Relator term Illustrator
942 ## - ADDED ENTRY ELEMENTS (KOHA)
Source of classification or shelving scheme Dewey Decimal Classification
Koha item type Khmer Books
Suppress in OPAC No
Holdings
Withdrawn status Lost status Source of classification or shelving scheme Damaged status Not for loan Collection Home library Current library Shelving location Date acquired Total Checkouts Full call number Barcode Date last seen Copy number Price effective from Koha item type
    Dewey Decimal Classification     Khmer Language Books / សៀវភៅភាសាខ្មែរ Footprints International School Library Network Toul Tom Poung Campus Footprints International School Library Network Toul Tom Poung Campus TTP Primary Khmer Bookshelves 10/22/2025   TRY PZ7 895 FISTKG2A006 10/22/2025 1 10/22/2025 Khmer Books
    Dewey Decimal Classification     Khmer Language Books / សៀវភៅភាសាខ្មែរ Footprints International School Library Network Toul Tom Poung Campus Footprints International School Library Network Toul Tom Poung Campus TTP Primary Khmer Bookshelves 11/10/2025   TRY PZ7 895 FISBK04016 11/10/2025 2 11/10/2025 Khmer Books
    Dewey Decimal Classification     Khmer Language Books / សៀវភៅភាសាខ្មែរ Footprints International School Library Network Toul Tom Poung Campus Footprints International School Library Network Toul Tom Poung Campus TTP Primary Khmer Bookshelves 11/11/2025   TRY PZ7 895 FISBK04087 11/11/2025 3 11/11/2025 Khmer Books